نذیر احمد / (Record no. 106732)
[ view plain ]
| 000 -LEADER | |
|---|---|
| fixed length control field | 00866nam a22002537a 4500 |
| 005 - DATE AND TIME OF LATEST TRANSACTION | |
| control field | 20170123162316.0 |
| 010 ## - LIBRARY OF CONGRESS CONTROL NUMBER | |
| LC control number | A-213207 |
| 020 ## - INTERNATIONAL STANDARD BOOK NUMBER | |
| Terms of availability | 4.00 |
| 035 ## - SYSTEM CONTROL NUMBER | |
| System control number | A-213207 |
| 037 ## - SOURCE OF ACQUISITION | |
| Source of stock number/acquisition | Cen Lib/Ret |
| 040 ## - CATALOGING SOURCE | |
| Original cataloging agency | DPL |
| Language of cataloging | UR |
| 082 ## - DEWEY DECIMAL CLASSIFICATION NUMBER | |
| Classification number | 841.08 |
| Item number | ن ز ی |
| 100 ## - MAIN ENTRY--PERSONAL NAME | |
| Personal name | نقوی، نورل حسن |
| 9 (RLIN) | 878 |
| 245 ## - TITLE STATEMENT | |
| Title | نذیر احمد / |
| Statement of responsibility, etc | نورل حسن نقوی |
| 246 ## - VARYING FORM OF TITLE | |
| Title proper/short title | Nazir Ahmad / |
| Remainder of title | by Noorul Hasan Naqvi |
| 260 ## - PUBLICATION, DISTRIBUTION, ETC. (IMPRINT) | |
| Place of publication, distribution, etc | نیی دہلی |
| Name of publisher, distributor, etc | ساہتیہ اکادمی |
| Date of publication, distribution, etc | 1984 |
| 270 ## - ADDRESS | |
| City | نیی دہلی |
| Postal code | 110001 |
| Address | رویندر بھون ٣٥، فیروز شاہ مارگ |
| 300 ## - PHYSICAL DESCRIPTION | |
| Extent | 84p. |
| Dimensions | 21cm(Hb) |
| 650 ## - SUBJECT ADDED ENTRY--TOPICAL TERM | |
| Topical term or geographic name as entry element | ادب - اردو |
| 9 (RLIN) | 114587 |
| 650 ## - SUBJECT ADDED ENTRY--TOPICAL TERM | |
| Topical term or geographic name as entry element | اردو مونوگراف - نذیر |
| 9 (RLIN) | 114588 |
| 650 ## - SUBJECT ADDED ENTRY--TOPICAL TERM | |
| Topical term or geographic name as entry element | Literature -- Urdu |
| 9 (RLIN) | 114589 |
| 650 ## - SUBJECT ADDED ENTRY--TOPICAL TERM | |
| Topical term or geographic name as entry element | Urdu monograph -- Nazir |
| 9 (RLIN) | 114590 |
| 942 ## - ADDED ENTRY ELEMENTS (KOHA) | |
| Source of classification or shelving scheme | Dewey Decimal Classification |
| Koha item type | Urdu Bks |
| Classification part | 841.08 |
| Call number suffix | ن ز ی |
| Withdrawn status | Lost status | Damaged status | Not for loan | Home library | Current library | Date acquired | Source of acquisition | Cost, normal purchase price | Total Checkouts | Full call number | Barcode | Date last seen | Copy number | Cost, replacement price | Price effective from | Koha item type |
|---|---|---|---|---|---|---|---|---|---|---|---|---|---|---|---|---|
| Central Library | Central Library | 29/12/2015 | Cen Lib/Ret | 4.00 | 841.08 ن ز ی | A-213207 | 29/12/2015 | 1 | 4.00 | 29/12/2015 | Urdu Bks |
